Indian Cities by picture quiz - Statistics

General Stats
  • This quiz has been taken 279 times
  • The average score is 7 of 10
Answer Stats
Picture Answer % Correct
Mumbai
94%
Agra
92%
New Delhi
90%
Hyderabad
76%
Kolkata
76%
Amritsar
69%
Bengaluru
58%
Chennai
58%
Jaipur
44%
Ahmedabad / Gandhinagar
31%
No matching quizzes found
Score Distribution
Percent of People with Each Score
Percentile by Number Answered
Your Score History
You have not taken this quiz